000 00499 a2200169 4500
005 20250508061302.0
020 _a978-0-07-312892-4
082 _a658.3 KRE
100 _aKREITNER, R.
245 _aOrganizational Behavior.
250 _a7th Ed
260 _aNew York,
_bMcGraw-Hill/ Irwin,
_c2007.
300 _aXxxiv, 734p.: ill.; figure, picture, table
_bGlossary & Index
_c25cm.
700 _aKINICKI, A.
856 _yAccess Online Book
_fOrganizatinal
_dwww.mhhe.com/Kreitner
942 _2ddc
_cBKS
999 _c2146
_d2146